[Event "US Class Master"]
[Site "Dulles"]
[Date "2020.11.01"]
[Round "4"]
[White "Singh, Hersh"]
[Black "Colorado Morales, Francisco A"]
[Result "1-0"]
[WhiteElo "2012"]
[BlackElo "2031"]
[PlyCount "137"]
[EventDate "2020.10.31"]
[EventType "swiss"]
[EventRounds "5"]
[EventCountry "USA"]
[SourceTitle "CBM 199 Extra"]
[Source "ChessBase"]
[SourceDate "2021.01.31"]
[SourceVersion "1"]
[SourceVersionDate "2021.01.31"]
[SourceQuality "1"]

1. d4 Nf6 2. c4 c5 3. d5 b5 4. cxb5 a6 5. bxa6 g6 6. Nc3 Bg7 7. e4 0-0 8. Nf3 Qa5 9. a7 Nxe4 10. axb8Q Rxb8 11. Qc2 Nxc3 12. Bd2 Qa4 13. b3 Qe4+ 14. Qxe4 Nxe4 15. Rc1 Bb7 16. Bc4 Nxd2 17. Nxd2 e6 18. dxe6 fxe6 19. 0-0 Bd4 20. Be2 Rf4 21. Nf3 Bxf3 22. Bxf3 d5 23. Rfe1 Kf7 24. Rc2 Rb6 25. Bd1 e5 26. g3 Rff6 27. Kg2 Ke7 28. f3 Kd6 29. Ree2 Rf7 30. Rcd2 Rb8 31. Rc2 g5 32. Re1 Rbf8 33. g4 h6 34. a4 Rb8 35. Ra2 Ra7 36. Rae2 Bc3 37. Rh1 h5 38. gxh5 Rh8 39. Ra2 Rg7 40. Bc2 Rxh5 41. Bf5 Rh8 42. a5 Ra8 43. a6 Kc6 44. h3 Kb6 45. Bd3 Rc7 46. Ra4 Bb4 47. Rd1 Ka7 48. Be2 Rd7 49. Bd3 Rf8 50. Bb5 Rd6 51. Ra2 Rf4 52. Bc4 Rd4 53. Rxd4 cxd4 54. Bd3 Be1 55. Re2 e4 56. fxe4 dxe4 57. Rxe4 Bd2 58. Re7+ Kb6 59. a7 Rd8 60. Be4 Bf4 61. a8Q Rxa8 62. Bxa8 d3 63. Bf3 Kb5 64. Rd7 d2 65. Rd3 Kb4 66. Kf2 Ka3 67. Bd1 Kb2 68. Ke2 Kc1 69. b4 1-0

[Event "US Class Master"]
[Site "Dulles"]
[Date "2020.10.31"]
[Round "2"]
[White "Zaloznyy, Mike"]
[Black "Colorado Morales, Francisco A"]
[Result "1-0"]
[WhiteElo "1989"]
[BlackElo "2031"]
[PlyCount "93"]
[EventDate "2020.10.31"]
[EventType "swiss"]
[EventRounds "5"]
[EventCountry "USA"]
[SourceTitle "CBM 199 Extra"]
[Source "ChessBase"]
[SourceDate "2021.01.31"]
[SourceVersion "1"]
[SourceVersionDate "2021.01.31"]
[SourceQuality "1"]

1. d4 Nf6 2. e3 g6 3. Nf3 Bg7 4. Be2 0-0 5. 0-0 d6 6. b3 c5 7. Bb2 Nc6 8. c4 Bf5 9. d5 Na5 10. Nh4 Bd7 11. Qd3 a6 12. e4 Nxd5 13. Bxg7 Nf4 14. Bxf8 Nxd3 15. Bh6 Nb4 16. Nc3 e6 17. Nf3 b5 18. Rfd1 Qe7 19. Rd2 bxc4 20. bxc4 Be8 21. Rad1 Nbc6 22. Bg5 f6 23. Bf4 Ne5 24. Nxe5 dxe5 25. Be3 Nc6 26. Bf1 g5 27. g3 Nd4 28. Rb2 Qc7 29. Bh3 Rb8 30. Rxb8 Qxb8 31. Bxd4 exd4 32. Bxe6+ Bf7 33. Bxf7+ Kxf7 34. Nd5 Qb2 35. Rf1 Qxa2 36. f4 g4 37. e5 f5 38. Re1 Ke6 39. Nc7+ Ke7 40. Nd5+ Ke6 41. Nc7+ Ke7 42. e6 Qa5 43. Nd5+ Ke8 44. Rb1 Qd8 45. Rb7 Qd6 46. Rxh7 Kf8 47. e7+ 1-0